000 00356nam a2200157Ia 4500
003 OSt
005 20240124101156.0
008 170524s9999 xx 000 0 und d
020 _a978-9351611493
040 _cIIMT
100 _aVARSHNEY
245 0 _aBanking Law and Practice
260 _bNew Delhi : Sultan Chand
260 _c2006
942 _2ddc
_c02
999 _c6290
_d6290